[Event "SVK-ch U10"]
[Site "Tatralandia"]
[Date "2025.05.17"]
[Round "8"]
[White "Brvenik, Simon"]
[Black "Dite, David"]
[Result "1-0"]
[WhiteElo "1000"]
[BlackElo "1000"]
[PlyCount "59"]
[EventDate "2025.05.11"]
[EventType "swiss"]
[EventRounds "9"]
[EventCountry "SVK"]
[SourceTitle "CB21_2025"]
[SourceDate "2025.05.21"]
[SourceVersion "1"]
[SourceVersionDate "2025.05.21"]
[SourceQuality "1"]

1. e4 e5 2. Nf3 Nc6 3. Nc3 Nf6 4. Bc4 Bc5 5. d3 d6 6. Bg5 Bg4 7. Bxf6 Qxf6 8. 0-0 0-0-0 9. h3 Bxf3 10. gxf3 Qg5+ 11. Kh2 Rhf8 12. Qc1 Na5 13. Qxg5 f6 14. Qg4+ Rd7 15. Be6 Rfd8 16. Bxd7+ Rxd7 17. Qe6 Nc6 18. Qe8+ Rd8 19. Qe6+ Rd7 20. Qg8+ Rd8 21. Qxh7 Kb8 22. Qxg7 a6 23. a3 Bb6 24. Rg1 Na7 25. Qxf6 Rc8 26. Nd5 Bxf2 27. Rg7 Bd4 28. Rb1 c6 29. Ne7 Bb6 30. Nxc8 1-0

[Event "SVK-ch U10"]
[Site "Tatralandia"]
[Date "2025.05.15"]
[Round "6"]
[White "Madlenak, Michal"]
[Black "Dite, David"]
[Result "0-1"]
[WhiteElo "1000"]
[BlackElo "1000"]
[PlyCount "106"]
[EventDate "2025.05.11"]
[EventType "swiss"]
[EventRounds "9"]
[EventCountry "SVK"]
[SourceTitle "CB21_2025"]
[SourceDate "2025.05.21"]
[SourceVersion "1"]
[SourceVersionDate "2025.05.21"]
[SourceQuality "1"]

1. e4 e5 2. Nc3 Nf6 3. Nf3 Nc6 4. Bb5 Bc5 5. Bxc6 dxc6 6. d4 exd4 7. Bg5 0-0 8. 0-0 dxc3 9. bxc3 Qe7 10. e5 h6 11. Bxf6 gxf6 12. exf6 Qxf6 13. Re1 Bg4 14. h3 Bxf3 15. gxf3 Qh4 16. Qe2 Qxh3 17. Rf1 Bd6 18. f4 Bxf4 19. f3 Rae8 20. Qg2+ Qxg2+ 21. Kxg2 Re2+ 22. Rf2 Rxf2+ 23. Kxf2 Re8 24. Kf1 Re3 25. Re1 Rxf3+ 26. Ke2 Re3+ 27. Kf2 Rxc3 28. Re8+ Kg7 29. Re4 Bg3+ 30. Kg2 Kf6 31. Rg4 Be5 32. Re4 Rxc2+ 33. Kf3 Rxa2 34. Re2 Ra3+ 35. Re3 Ra4 36. Re4 Rxe4 37. Kxe4 Kg5 38. Kxe5 h5 39. Ke4 h4 40. Kf3 h3 41. Kg3 f5 42. Kxh3 f4 43. Kg2 Kg4 44. Kg1 Kf5 45. Kg2 Ke4 46. Kg1 f3 47. Kf2 c5 48. Kg3 Ke3 49. Kg4 f2 50. Kg3 f1Q 51. Kh4 Qg1 52. Kh5 Kf4 53. Kh4 Qh2# 0-1